| 000 | 01846nam a2200241Ia 4500 | ||
|---|---|---|---|
| 999 |
_c51113 _d51113 |
||
| 001 | 18070 | ||
| 003 | GE_BSU | ||
| 005 | 20200621152814.0 | ||
| 008 | 181216s1938||||ge |||||||||||||| ||geo|| | ||
| 040 | _cGE_BSU | ||
| 041 | _ageo | ||
| 080 | _a811.353.1(058) მ-80 | ||
| 245 |
_aმოამბე ტ. 3 - აკად. ნ. მარის სახელობის ენის, ისტორიისა და მატერიალური კულტურის ინსტიტუტი = Известия Института языка, истории и материальной культуры им. акад. Н. Я. Марра / _cრედაქტორი სიმონ ჯანაშია. |
||
| 264 |
_aტფილისი : _bსსრკ მეცნიერებათა აკადემიის საქართველოს ფილიალი, _c1938. |
||
| 300 |
_a386 გვ. ; _c25 სმ. |
||
| 500 | _a"ვეფხისტყაოსნის" 750 წლისთავისადმი მიძღვნილი კრებული | ||
| 500 | _aგაშლილი თავფურცელი ინგლისურ ენაზე | ||
| 653 | _aმოამბე | ||
| 700 |
_a ჯანაშია, სიმონ _eრედაქტორი _98621 |
||
| 710 |
_aსსრკ მეცნიერებათა აკადემიის საქართველოს ფილიალი _98622 |
||
| 710 |
_aსაქართველოს სსრ მეცნიერებათა აკადემია _98623 |
||
| 942 |
_cBK _2udc |
||